Abeceda obchodu: Jednání se zahraničním partnerem
Význam obchodného jednania. Príprava, postup pri jednaní, technika a taktika. Termíny jednania. Spoločenské chovanie a vystupovanie. Obchodné zvyklosti.
Saved in:
| Main Author: | |
|---|---|
| Format: | Book Chapter |
| Language: | Czech |
| Subjects: | |
| Tags: |
No Tags, Be the first to tag this record!
|
MARC
| LEADER | 00000naa a2200000 4500 | ||
|---|---|---|---|
| 001 | r048685 | ||
| 005 | 20230908091428.3 | ||
| 041 | 0 | |a cze | |
| 044 | |a CZ | ||
| 245 | 1 | 0 | |a Abeceda obchodu: Jednání se zahraničním partnerem |c Alfons Kachlík |
| 520 | |a Význam obchodného jednania. Príprava, postup pri jednaní, technika a taktika. Termíny jednania. Spoločenské chovanie a vystupovanie. Obchodné zvyklosti. | ||
| 610 | 2 | 0 | |a styk zahraničnoobchodný |
| 610 | 2 | 0 | |a technika obchodná |
| 610 | 2 | 0 | |a partneri obchodní |
| 610 | 2 | 0 | |a zvyklosti obchodné |
| 100 | 1 | |a Kachlík, Alfons | |